History on tombstones : (Record no. 329930)
[ view plain ]
| 000 -LEADER | |
|---|---|
| fixed length control field | 01055cam a2200301 a 4500 |
| 001 - CONTROL NUMBER | |
| control field | 2892870 |
| 003 - CONTROL NUMBER IDENTIFIER | |
| control field | NUST |
| 005 - DATE AND TIME OF LATEST TRANSACTION | |
| control field | 20170601092414.0 |
| 008 - FIXED-LENGTH DATA ELEMENTS--GENERAL INFORMATION | |
| fixed length control field | 870430s1986 pk af 000 0 eng |
| 010 ## - LIBRARY OF CONGRESS CONTROL NUMBER | |
| LC control number | 86931357 |
| 020 ## - INTERNATIONAL STANDARD BOOK NUMBER | |
| Terms of availability | Rs125.00 |
| 040 ## - CATALOGING SOURCE | |
| Original cataloging agency | DLC |
| Transcribing agency | DLC |
| Modifying agency | DLC |
| 043 ## - GEOGRAPHIC AREA CODE | |
| Geographic area code | a-pk--- |
| 050 00 - LIBRARY OF CONGRESS CALL NUMBER | |
| Classification number | DS392.S55 |
| Item number | B76 1986 |
| 082 00 - DEWEY DECIMAL CLASSIFICATION NUMBER | |
| Classification number | 954.9/18 |
| Edition number | 19 |
| 100 1# - MAIN ENTRY--PERSONAL NAME | |
| Personal name | Brohī, ʻAlī Aḥmad. |
| 9 (RLIN) | 1744 |
| 245 10 - TITLE STATEMENT | |
| Title | History on tombstones : |
| Remainder of title | Sind and Baluchistan / |
| Statement of responsibility, etc. | Ali Ahmad Brohi. |
| 260 ## - PUBLICATION, DISTRIBUTION, ETC. | |
| Place of publication, distribution, etc. | Jamshoro : |
| Name of publisher, distributor, etc. | Sindhi Adabi Board, |
| Date of publication, distribution, etc. | [1986?] |
| 300 ## - PHYSICAL DESCRIPTION | |
| Extent | 264 p., [64] p. of plates : |
| Other physical details | ill. ; |
| Dimensions | 23 cm. |
| 650 #0 - SUBJECT ADDED ENTRY--TOPICAL TERM | |
| Topical term or geographic name entry element | Sepulchral monuments |
| Geographic subdivision | Pakistan |
| -- | Sindh. |
| 9 (RLIN) | 1745 |
| 650 #0 - SUBJECT ADDED ENTRY--TOPICAL TERM | |
| Topical term or geographic name entry element | Sepulchral monuments |
| Geographic subdivision | Pakistan |
| -- | Balochistān. |
| 9 (RLIN) | 1746 |
| 651 #0 - SUBJECT ADDED ENTRY--GEOGRAPHIC NAME | |
| Geographic name | Sindh (Pakistan) |
| General subdivision | Antiquities. |
| 9 (RLIN) | 1747 |
| 651 #0 - SUBJECT ADDED ENTRY--GEOGRAPHIC NAME | |
| Geographic name | Balochistān (Pakistan) |
| General subdivision | Antiquities. |
| 9 (RLIN) | 1748 |
| 651 #0 - SUBJECT ADDED ENTRY--GEOGRAPHIC NAME | |
| Geographic name | Sindh (Pakistan) |
| General subdivision | History. |
| 9 (RLIN) | 1749 |
| 651 #0 - SUBJECT ADDED ENTRY--GEOGRAPHIC NAME | |
| Geographic name | Balochistān (Pakistan) |
| General subdivision | History. |
| 9 (RLIN) | 1750 |
| 651 #0 - SUBJECT ADDED ENTRY--GEOGRAPHIC NAME | |
| Geographic name | Pakistan |
| General subdivision | Antiquities. |
| 9 (RLIN) | 1751 |
| 906 ## - LOCAL DATA ELEMENT F, LDF (RLIN) | |
| a | 7 |
| b | cbc |
| c | orignew |
| d | 4 |
| e | ncip |
| f | 19 |
| g | y-gencatlg |
| 942 ## - ADDED ENTRY ELEMENTS (KOHA) | |
| Source of classification or shelving scheme | |
| Koha item type | Book |
| Withdrawn status | Lost status | Source of classification or shelving scheme | Damaged status | Not for loan | Collection code | Permanent Location | Current Location | Shelving location | Date acquired | Total Checkouts | Full call number | Barcode | Date last seen | Date last checked out | Price effective from | Koha item type |
|---|---|---|---|---|---|---|---|---|---|---|---|---|---|---|---|---|
| Central Library (CL) | Central Library (CL) | General Stacks | 06/01/2017 | 1 | 954.9/18 BRO | S3H-D-231 | 09/11/2025 | 09/30/2021 | 06/01/2017 | Book |
